Aprendizaje sentimental
Wedi'i Gadw mewn:
| Prif Awdur: | |
|---|---|
| Fformat: | Llyfr |
| Iaith: | Sbaeneg |
| Cyhoeddwyd: |
Barcelona
Argos Vergara
1981
|
| Pynciau: | |
| Tagiau: |
Ychwanegu Tag
Dim Tagiau, Byddwch y cyntaf i dagio'r cofnod hwn!
|
MARC
| LEADER | 00000nam a2200000 a 4500 | ||
|---|---|---|---|
| 001 | UCL0706 | ||
| 003 | CL-VaPUC | ||
| 008 | 030808e19810000SP |||||||||||||||||spa|d | ||
| 020 | |a 8471783282 | ||
| 082 | 0 | 4 | |a 863 |b ROI |2 21 |
| 100 | |a Roig, Montserrat |e autora |9 477466 | ||
| 245 | 1 | 0 | |a Aprendizaje sentimental |
| 300 | |a 194 p | ||
| 942 | |c BK | ||
| 945 | |d 20030808 00:00:00 |a cmena | ||
| 260 | |a Barcelona |b Argos Vergara |c 1981 | ||
| 650 | 0 | |a Novelas españolas |9 265052 | |
| 583 | |a last modification |c 20030808 00:00:00 |k Rodrigo Vera | ||
| 999 | |c 304520 |d 304518 | ||
| 952 | |0 0 |1 0 |4 0 |6 863_000000000000000_ROI_1981 |7 0 |8 A |9 366857 |a BIBEDU |b BIBEDU |d 2019-11-21 |i 3931439 |o 863 ROI 1981 |p 3931439 |r 2019-11-21 |w 2019-11-21 |y BK |k LIT | ||